<?xml version="1.0" encoding="UTF-8"?>
<record
    xmlns:xsi="http://www.w3.org/2001/XMLSchema-instance"
    xsi:schemaLocation="http://www.loc.gov/MARC21/slim http://www.loc.gov/standards/marcxml/schema/MARC21slim.xsd"
    xmlns="http://www.loc.gov/MARC21/slim">

  <leader>00888nam a22001817a 4500</leader>
  <datafield tag="952" ind1=" " ind2=" ">
    <subfield code="0">0</subfield>
    <subfield code="1">0</subfield>
    <subfield code="2">ddc</subfield>
    <subfield code="4">0</subfield>
    <subfield code="7">0</subfield>
    <subfield code="8">NFIC</subfield>
    <subfield code="a">ASL</subfield>
    <subfield code="b">ASL</subfield>
    <subfield code="c">GEN</subfield>
    <subfield code="d">2021-09-18</subfield>
    <subfield code="e">ASB Library Collection</subfield>
    <subfield code="l">0</subfield>
    <subfield code="o">954.541 BHU</subfield>
    <subfield code="p">111663</subfield>
    <subfield code="r">2021-09-18 00:00:00</subfield>
    <subfield code="t">C-1</subfield>
    <subfield code="w">2021-09-18</subfield>
    <subfield code="y">BK</subfield>
  </datafield>
  <datafield tag="999" ind1=" " ind2=" ">
    <subfield code="c">25857</subfield>
    <subfield code="d">25857</subfield>
  </datafield>
  <controlfield tag="003">BDDh-ASL</controlfield>
  <controlfield tag="005">20231015030552.0</controlfield>
  <controlfield tag="008">210918s1998    b  ||||| |||| 00| 0 b   d</controlfield>
  <datafield tag="040" ind1=" " ind2=" ">
    <subfield code="a">BDDh-ASL</subfield>
    <subfield code="c">BDDh-ASL</subfield>
  </datafield>
  <datafield tag="082" ind1=" " ind2=" ">
    <subfield code="a">954.541</subfield>
    <subfield code="b">BHU</subfield>
  </datafield>
  <datafield tag="100" ind1="1" ind2=" ">
    <subfield code="9">4440</subfield>
    <subfield code="a">&#x9AD;&#x99F;&#x9CD;&#x99F;&#x9BE;&#x99A;&#x9BE;&#x9B0;&#x9CD;&#x9AF;, &#x9AE;&#x9BE;&#x9A8;&#x9AC;&#x9C7;&#x9A8;&#x9CD;&#x9A6;&#x9CD;&#x9B0;</subfield>
  </datafield>
  <datafield tag="245" ind1="1" ind2="0">
    <subfield code="a">&#x989;&#x9A4;&#x9CD;&#x9A4;&#x9B0;-&#x9AA;&#x9C2;&#x9B0;&#x9CD;&#x9AC; &#x9AD;&#x9BE;&#x9B0;&#x9A4;&#x9C7;&#x9B0; &#x9B2;&#x999;&#x9CD;&#x997;&#x9BE;&#x987; &#x985;&#x9AC;&#x9AC;&#x9BE;&#x9B9;&#x9BF;&#x995;&#x9BE; &#x98F;&#x9AC;&#x982; &#x9AC;&#x9BE;&#x9A3;&#x9AD;&#x99F;&#x9CD;&#x99F; : &#x9AA;&#x9CD;&#x9B0;&#x9BE;&#x99A;&#x9C0;&#x9A8; &#x987;&#x9A4;&#x9BF;&#x9B9;&#x9BE;&#x9B8;&#x9C7;&#x9B0; &#x9AC;&#x9BF;&#x9B8;&#x9CD;&#x9AE;&#x9AF;&#x9BC; ! / </subfield>
  </datafield>
  <datafield tag="246" ind1=" " ind2=" ">
    <subfield code="a">Uttar-purba Bharater Longai Obabahika abong Banbhatta: Prachin itihaser bosmoy. by Manabendra Bhattacharjee. </subfield>
  </datafield>
  <datafield tag="260" ind1=" " ind2=" ">
    <subfield code="a">&#x9B6;&#x9BF;&#x9B2;&#x982;: </subfield>
    <subfield code="b">&#x9AE;&#x9BE;&#x9A8;&#x9AC;&#x9C7;&#x9A8;&#x9CD;&#x9A6;&#x9CD;&#x9B0; &#x9AD;&#x99F;&#x9CD;&#x99F;&#x9BE;&#x99A;&#x9BE;&#x9B0;&#x9CD;&#x9AF; , </subfield>
    <subfield code="c">&#x9E7;&#x9EF;&#x9EF;&#x9EE;. </subfield>
  </datafield>
  <datafield tag="300" ind1=" " ind2=" ">
    <subfield code="a">242 p. : </subfield>
    <subfield code="c">22 cm. </subfield>
  </datafield>
  <datafield tag="651" ind1=" " ind2="0">
    <subfield code="9">4438</subfield>
    <subfield code="a">&#x9AD;&#x9BE;&#x9B0;&#x9A4; (India) </subfield>
    <subfield code="x">&#x987;&#x9A4;&#x9BF;&#x9B9;&#x9BE;&#x9B8;</subfield>
  </datafield>
  <datafield tag="942" ind1=" " ind2=" ">
    <subfield code="2">ddc</subfield>
    <subfield code="c">BK</subfield>
  </datafield>
</record>
